00361 a2200109 4500082002600000110002700026245010900053260003300162300000900195650002300204653002400227 aDRM 363.34/NEP-c/2067 aNepal redcross Society aSamudaya ma aadharit bipad jokhim nyunikaran karyakram ko karyanwoyan field karyakartako lagi nirdeshika bNepal Redcross Societyc2067 a80p. aCommunity Relation aDisaster Management